| 000 | 00599nam a2200205Ii 4500 | ||
|---|---|---|---|
| 001 | 11268 | ||
| 003 | CO-ViMGA | ||
| 008 | 241108s9999||||xx |||||||||||||| ||und|| | ||
| 040 |
_aCO-ViMGA _bspa _erda _cCO-ViMGA |
||
| 041 | 0 | _aunk | |
| 082 | 0 | 4 | _a291.042-F889 |
| 100 | 1 | _aSigmund Freud | |
| 245 | 1 | 0 |
_aMoisés: _by la religión monoteista |
| 264 | 1 | _a[Lugar de publicación no identificado] : Losada, 1939 | |
| 300 | _avolumen | ||
| 336 |
_atext _btxt _2rdacontent |
||
| 337 |
_aunmediated _bn _2rdamedia |
||
| 338 |
_avolume _bnc _2rdacarrier |
||
| 940 | _aidficha_siabuc: 10999. -- ficha_no_siabuc:11268 | ||
| 999 |
_c55266 _d55266 |
||